01008nac a22002777a 4500001001000000003000900010005001700019008003400036040005400070072000800124090001900132100002100151100001700172100002300189110007700212245004700289260004300336300000900379490008700388650000800475650001800483909004700501942001700548999001900565952014600584BR9801398BR-BrBNA20240105122051.0230509b bl.|||m| |||| 00| 0 por d aBR-BrBNAbporcBiblioteca Nacional de Agricultura aH20 a0940 BR98013981 aSanhueza, R.M.V.1 aSonego, O.R.1 aMarcantoni, G.E.S.1 aCentro Nacional de Pesquisa de Uva e Vinho, Bento Goncalves, RS (Brasil)1 aBotrytis cinerea, mofo cinzento da videira3 aBento Goncalves, RS (Brasil): c1996.  a4 p. aComunicado Tecnico - Centro Nacional de Pesquisa de Uva e Vinho (Brazil)vno. 20x aUva aMofo Cinzento a202312bLúcia Elandec55dLúcia Elande 2AGRISn0cMS c289023d289023 002AGRIS40708Acervo Gerala41918b41918cAGROBASEl0o0940 BR9801398p0940 BR9801398r2023-12-18yMSePortaria Interministerial nº 164/94